000 00615nam a2200181 i 4500
001 33952
003 ES-MaACL
005 20230906154841.0
007 t|
008 030203s1965 sp ||||1| spa d
100 1 _aBoddie, Geo F.
_929687
245 1 0 _aMétodos de diagnóstico en medicina veterinaria /
_cpor Geo F. Boddie ; [traducción Clemente Sánchez-Garnica Montes].
260 _aBarcelona, etc. :
_bLabor,
_c1965.
300 _a396 p., 5 lám. :
_bil. ;
_c23 cm.
700 1 _aSánchez-Garnica Montes, Clemente.
_9102666
852 _aES-MaACL
_jC-26733
_bR.55919
852 _aES-MaACL
_jC-27614
_bR.56289
999 _c33952
_d33952